History Quiz

Random History or Country Quiz
Score 0/50 Timer 06:00
0 Plays Today
% Correct
United States
82.7%
Greece
81.5%
New Zealand
77.8%
Canada
74.1%
Poland
71.6%
Spain
71.6%
Denmark
67.9%
Finland
64.2%
Norway
64.2%
United Kingdom
64.2%
Bangladesh
60.5%
Switzerland
60.5%
France
58%
Wales
58%
Iran
55.6%
Serbia
54.3%
Mexico
53.1%
Ireland
49.4%
Sweden
49.4%
Ukraine
49.4%
Russia
46.9%
Albania
45.7%
India
44.4%
Cambodia
43.2%
El Salvador
42%
% Correct
Australia
38.3%
Morocco
38.3%
Iceland
37%
Argentina
32.1%
Scotland
30.9%
Armenia
27.2%
Brazil
24.7%
Malta
24.7%
Slovakia
24.7%
Czech Republic
23.5%
Malaysia
23.5%
Georgia
19.8%
Slovenia
19.8%
Portugal
18.5%
Dominican Republic
17.3%
Germany
17.3%
Chile
16%
Egypt
16%
Jordan
14.8%
Suriname
12.3%
Indonesia
9.9%
Philippines
9.9%
Haiti
8.6%
Israel
8.6%
Palestine
4.9%
Remove Ads.
Support Sporcle.
Get the best of Sporcle when you Go Orange. This ad-free experience offers more features, more stats, and more fun while also helping to support Sporcle. Thank you for becoming a member.

You're not logged in!

Compare scores with friends on all Sporcle quizzes.
OR
Log In

Show Comments

Extras

Top Quizzes Today


Score Distribution

Your Account Isn't Verified!

In order to create a playlist on Sporcle, you need to verify the email address you used during registration. Go to your Sporcle Settings to finish the process.

Report this User

Report this user for behavior that violates our Community Guidelines.

Details: